00589nam a22001697a 450000500170000001000130001702000260003003500120005603700160006808200080008410000300009224501130012224600520023526000530028727000580034030000210039820221220110028.0 aUR-11812 a9789392496882c150.00 aU-10367 bDBAD/PUBa- a844 aالیاس الاعظمی aعلامہ شبلی کے فارسی خطوط :bایک مطالعہ /cالیاس الاعظمیhا رد و aAllama shibli ke farsi khotoot /bby Ilyas Azmi aNew DelhibEducational Publishing Housec2022 ء aH.o. D1/16, Ansari Road, DaryaganjbNew Delhie110002 a128 صc23cm(Hb)